[Event "BL2 Gr01 0506 (Women)"]
[Site "Germany"]
[Date "2006.03.04"]
[Round "6.1"]
[White "Rubina, Tatiana"]
[Black "Kunina, Elena"]
[Result "1-0"]
[WhiteElo "1959"]
[BlackElo "1995"]
[PlyCount "129"]
[EventDate "2005.10.29"]
[EventType "team-tourn"]
[EventRounds "7"]
[EventCountry "GER"]
[SourceTitle "EXT 2007"]
[Source "ChessBase"]
[SourceDate "2006.11.23"]
[SourceVersion "1"]
[SourceVersionDate "2006.11.23"]
[SourceQuality "1"]
[WhiteTeam "Mannheim (W)"]
[BlackTeam "Hofheim (W)"]
[WhiteTeamCountry "GER"]
[BlackTeamCountry "GER"]

1. e4 e6 2. d3 d5 3. Nd2 Nf6 4. g3 Be7 5. Bg2 0-0 6. Ngf3 c5 7. 0-0 Nc6 8. c3 b6 9. Re1 Bb7 10. h3 Qc7 11. Qe2 dxe4 12. dxe4 Rad8 13. Nf1 e5 14. Nh4 Rfe8 15. Nf5 Bc8 16. N5e3 Bf8 17. g4 g6 18. Ng3 Be6 19. g5 Nd7 20. Nd5 Bxd5 21. exd5 Ne7 22. c4 Nc8 23. Bd2 Nd6 24. Bc3 Bg7 25. Rad1 Re7 26. Be4 Rde8 27. h4 Nf8 28. Kg2 Qd7 29. h5 Qc7 30. Rh1 Qd7 31. Rh3 Bh8 32. b3 Bg7 33. Rdh1 Bh8 34. Qd3 Bg7 35. a3 Qg4 36. Bd2 Qd7 37. b4 Qa4 38. Rc1 Qd7 39. Be3 Rc8 40. Rh4 Qc7 41. bxc5 bxc5 42. Bf3 Nd7 43. hxg6 fxg6 44. Rch1 Nf8 45. Bg4 Rce8 46. Ne4 Nxe4 47. Qxe4 Qd6 48. Rb1 a6 49. Bd1 Rd8 50. Ba4 Nd7 51. Bd2 Rf8 52. Rbh1 Bh8 53. Be3 Rb8 54. Rb1 Rxb1 55. Qxb1 Bg7 56. Qb7 Nf8 57. Qc6 Qd8 58. Qxc5 Rc7 59. Bc6 Nd7 60. Qd6 Bf8 61. Qe6+ Kg7 62. Bxd7 Rxd7 63. Qxe5+ Kg8 64. Qe6+ Rf7 65. Rxh7 1-0

[Event "GER-chT2 (Women) 0405"]
[Site "Germany"]
[Date "2004.12.05"]
[Round "4"]
[White "Alkhazashvili, Ololi"]
[Black "Kunina, Elena"]
[Result "1/2-1/2"]
[WhiteElo "2059"]
[BlackElo "2074"]
[PlyCount "54"]
[EventDate "2004.11.06"]
[EventType "team"]
[EventRounds "9"]
[EventCountry "GER"]
[SourceTitle "EXT 2006"]
[Source "ChessBase"]
[SourceDate "2005.11.24"]
[SourceVersion "1"]
[SourceVersionDate "2005.11.24"]
[SourceQuality "1"]

1. e4 e6 2. d4 d5 3. e5 c5 4. c3 Nc6 5. Nf3 Qb6 6. Be2 Bd7 7. 0-0 cxd4 8. cxd4 Nge7 9. Na3 Nf5 10. Nc2 Be7 11. b3 0-0 12. g4 Nh4 13. Nxh4 Bxh4 14. f4 f6 15. Ba3 Rfe8 16. Bc5 Qc7 17. Bd6 Qb6 18. Qd3 fxe5 19. fxe5 Be7 20. Bxe7 Rxe7 21. Kg2 Be8 22. Qd2 Bg6 23. Bd3 Bxd3 24. Qxd3 Ree8 25. Rf4 Rf8 26. Raf1 Rxf4 27. Rxf4 Rf8 1/2-1/2